Little pink riding hood/ (Record no. 8340)
[ view plain ]
| 000 -LEADER | |
|---|---|
| fixed length control field | 01144nam a22002777a 4500 |
| 001 - CONTROL NUMBER | |
| control field | 8340 |
| 003 - CONTROL NUMBER IDENTIFIER | |
| control field | FISKH |
| 005 - DATE AND TIME OF LATEST TRANSACTION | |
| control field | 20250909152833.0 |
| 008 - FIXED-LENGTH DATA ELEMENTS--GENERAL INFORMATION | |
| fixed length control field | 250909b cb ||||| |||| 00| 0 eng d |
| 020 ## - INTERNATIONAL STANDARD BOOK NUMBER | |
| International Standard Book Number | 9781786703231 |
| 040 ## - CATALOGING SOURCE | |
| Original cataloging agency | FISKH |
| Language of cataloging | eng |
| Transcribing agency | FISKH |
| Modifying agency | FISKH |
| 050 ## - LIBRARY OF CONGRESS CALL NUMBER | |
| Classification number | PZ7 |
| 082 ## - DEWEY DECIMAL CLASSIFICATION NUMBER | |
| Classification number | 398.2 |
| 100 ## - MAIN ENTRY--PERSONAL NAME | |
| Personal name | King, Alice |
| 245 ## - TITLE STATEMENT | |
| Title | Little pink riding hood/ |
| Statement of responsibility, etc. | Wil Overton ; Alice King |
| 260 ## - PUBLICATION, DISTRIBUTION, ETC. | |
| Place of publication, distribution, etc. | Sywell, |
| Name of publisher, distributor, etc. | Igloo Books, |
| Date of publication, distribution, etc. | 2017. |
| 300 ## - PHYSICAL DESCRIPTION | |
| Extent | 22 unnumbered pages : |
| Other physical details | color illustrations ; |
| Dimensions | 26 cm |
| 505 ## - FORMATTED CONTENTS NOTE | |
| Formatted contents note | L<br/> |
| 520 ## - SUMMARY, ETC. | |
| Summary, etc. | Little Pink Riding Hood is a playful retelling of the classic Little Red Riding Hood. Instead of wearing a red cloak, the heroine wears a pink one. She sets out to visit her grandmother, but along the way she encounters the sly wolf. With a humorous twist, this version puts a fresh, modern, and lighthearted spin on the traditional fairy tale, often emphasizing bravery, cleverness, or kindness. |
| 521 8# - TARGET AUDIENCE NOTE | |
| Target audience note | 520<br/> |
| Source | Lexile estimate<br/> |
| 521 8# - TARGET AUDIENCE NOTE | |
| Target audience note | L<br/> |
| Source | Raz-Plus<br/> |
| 650 ## - SUBJECT ADDED ENTRY--TOPICAL TERM | |
| Topical term or geographic name entry element | Retelling |
| Form subdivision | Children’s stories |
| 700 ## - ADDED ENTRY--PERSONAL NAME | |
| Personal name | Overton, Wil |
| Relator term | illustrator |
| 942 ## - ADDED ENTRY ELEMENTS (KOHA) | |
| Source of classification or shelving scheme | Dewey Decimal Classification |
| Koha item type | Books |
| Suppress in OPAC | No |
| Withdrawn status | Lost status | Source of classification or shelving scheme | Damaged status | Not for loan | Collection | Home library | Current library | Shelving location | Date acquired | Total Checkouts | Full call number | Barcode | Date last seen | Date last checked out | Copy number | Price effective from | Koha item type |
|---|---|---|---|---|---|---|---|---|---|---|---|---|---|---|---|---|---|
| Dewey Decimal Classification | Juvenile Fiction | Footprints International School Library Network Toul Tom Poung Campus | Footprints International School Library Network Toul Tom Poung Campus | TTP Primary Yellow Bookshelves | 09/09/2025 | 1 | KIN 398.2 PZ7 | 2025-4399 | 11/26/2025 | 11/12/2025 | 1 | 09/09/2025 | Books |
